| 000 | 00733nam a22001817a 4500 | ||
|---|---|---|---|
| 003 | UA-OsUOA | ||
| 001 | 19697 | ||
| 007 | ta | ||
| 008 | 20040915b un ||||| |||| 00| 0 ukr d | ||
| 100 | _aХоменчук І.Ф. | ||
| 942 | _cSA | ||
| 040 |
_aUA-OsUOA _cUA-OsUOA _dUA-OsUOA |
||
| 245 |
_aСправи товариства Поліського _b[Розмова з головою Корец. від-ня Поліського наук. т-ва І.Ф.Хоменчуком про мету створення т-ва , його плани та завдання] |
||
| 300 | _aС.1 | ||
| 955 | _a0 | ||
| 773 | 0 |
_w0 _tВісті Кореччини _dКорець _d2004 _g№69/26 серп./ |
|
| 650 | 7 |
_aКраєзнавча робота _2UDC |
|
| 999 |
_c305868 _d305868 |
||